000 00697cam a2200205 a 4500
001 000001925
005 20200929145746.0
008 860612s1964 ve 001 p spa
040 _aDO-SdBNP
_bspa
_cBNPHU
082 _aVe862.44
_bF672p
100 1 _aFombona Pachano, Jacinto,
_d1901-1951.
_96248
245 1 0 _aPoesías /
_cJacinto Fombona Pachano ; introducción de Guillermo Sucre.
260 _aCaracas :
_b[Imprenta Universitaria],
_c1964.
300 _a369 p. ;
_c22 cm.
500 _aIncluye notas al pie de las páginas
650 4 _aPoesía venezolana
_94230
650 4 _aLiteratura venezolana
_93816
700 1 _aSucre, Guillermo,
_eintr.
_96249
910 _aCatalogación por copia / LC
999 _c1791
_d1791